<?xml version="1.0" encoding="UTF-8"?>
<record
    xmlns:xsi="http://www.w3.org/2001/XMLSchema-instance"
    xsi:schemaLocation="http://www.loc.gov/MARC21/slim http://www.loc.gov/standards/marcxml/schema/MARC21slim.xsd"
    xmlns="http://www.loc.gov/MARC21/slim">

  <leader>00841nam a2200229 a 4500</leader>
  <controlfield tag="001">47858</controlfield>
  <controlfield tag="003">BD-RjUL</controlfield>
  <controlfield tag="005">20211209054416.0</controlfield>
  <controlfield tag="008">160810s1991    ii ||||| |||| 00| 0 ben d</controlfield>
  <datafield tag="020" ind1=" " ind2=" ">
    <subfield code="c">: Tk. 50.00</subfield>
  </datafield>
  <datafield tag="035" ind1=" " ind2=" ">
    <subfield code="a">(BD-RjUL)47977</subfield>
  </datafield>
  <datafield tag="040" ind1=" " ind2=" ">
    <subfield code="a">BD-RjUL</subfield>
    <subfield code="b">ben</subfield>
    <subfield code="c">BD-RjUL</subfield>
  </datafield>
  <datafield tag="041" ind1=" " ind2=" ">
    <subfield code="a">ben</subfield>
  </datafield>
  <datafield tag="082" ind1=" " ind2=" ">
    <subfield code="a">781.75409</subfield>
    <subfield code="b">CHB 1991</subfield>
  </datafield>
  <datafield tag="100" ind1=" " ind2=" ">
    <subfield code="a">&#x99A;&#x9CC;&#x9A7;&#x9C1;&#x9B0;&#x9C0;, &#x9A8;&#x9BE;&#x9B0;&#x9BE;&#x9AF;&#x9BC;&#x9A3;</subfield>
    <subfield code="9">118342</subfield>
  </datafield>
  <datafield tag="245" ind1="1" ind2="0">
    <subfield code="a">&#x9AC;&#x9BE;&#x982;&#x9B2;&#x9BE; &#x997;&#x9BE;&#x9A8;&#x9C7;&#x9B0; &#x99C;&#x997;&#x9CE; /</subfield>
    <subfield code="c">&#x9A8;&#x9BE;&#x9B0;&#x9BE;&#x9AF;&#x9BC;&#x9A3; &#x99A;&#x9CC;&#x9A7;&#x9C1;&#x9B0;&#x9C0;</subfield>
  </datafield>
  <datafield tag="260" ind1=" " ind2=" ">
    <subfield code="a">&#x995;&#x9B2;&#x9BF;&#x995;&#x9BE;&#x9A4;&#x9BE; :</subfield>
    <subfield code="b">&#x9AB;&#x9BE;&#x9B0;&#x9CD;&#x9AE;&#x9BE; &#x995;&#x9C7;&#x98F;&#x9B2;&#x98F;&#x9AE;,</subfield>
    <subfield code="c">&#x9E7;&#x9EF;&#x9EF;&#x9E7;</subfield>
  </datafield>
  <datafield tag="300" ind1=" " ind2=" ">
    <subfield code="a">[&#x9EE;], &#x9EF;&#x9EF; &#x9AA;&#x9C3;. ;</subfield>
    <subfield code="c">&#x9E8;&#x9E6; &#x9B8;&#x9C7;&#x9AE;&#x9BF;.</subfield>
  </datafield>
  <datafield tag="650" ind1=" " ind2=" ">
    <subfield code="a">&#x9B8;&#x982;&#x997;&#x9C0;&#x9A4;</subfield>
    <subfield code="z">&#x9AD;&#x9BE;&#x9B0;&#x9A4;</subfield>
    <subfield code="y">&#x987;&#x9A4;&#x9BF;&#x9B9;&#x9BE;&#x9B8; &#x993; &#x9B8;&#x9AE;&#x9BE;&#x9B2;&#x9CB;&#x99A;&#x9A8;&#x9BE;</subfield>
    <subfield code="9">145270</subfield>
  </datafield>
  <datafield tag="650" ind1=" " ind2=" ">
    <subfield code="a">Music </subfield>
    <subfield code="z"> India</subfield>
    <subfield code="x">History and criticism</subfield>
    <subfield code="9">145271</subfield>
  </datafield>
  <datafield tag="942" ind1=" " ind2=" ">
    <subfield code="2">ddc</subfield>
    <subfield code="c">BK</subfield>
  </datafield>
  <datafield tag="999" ind1=" " ind2=" ">
    <subfield code="c">47858</subfield>
    <subfield code="d">47858</subfield>
  </datafield>
  <datafield tag="952" ind1=" " ind2=" ">
    <subfield code="0">0</subfield>
    <subfield code="1">0</subfield>
    <subfield code="2">ddc</subfield>
    <subfield code="4">0</subfield>
    <subfield code="7">0</subfield>
    <subfield code="8">NFIC</subfield>
    <subfield code="a">RUCL</subfield>
    <subfield code="b">RUCL</subfield>
    <subfield code="c">Stack</subfield>
    <subfield code="d">2008-07-15</subfield>
    <subfield code="e">Paragogn Enterprise, Dhaka</subfield>
    <subfield code="g">50.00</subfield>
    <subfield code="l">0</subfield>
    <subfield code="o">B 781.75409 CHB 1991</subfield>
    <subfield code="r">2016-08-10 00:00:00</subfield>
    <subfield code="t">C-2</subfield>
    <subfield code="w">2016-08-10</subfield>
    <subfield code="y">BK</subfield>
  </datafield>
  <datafield tag="952" ind1=" " ind2=" ">
    <subfield code="0">0</subfield>
    <subfield code="1">0</subfield>
    <subfield code="2">ddc</subfield>
    <subfield code="4">0</subfield>
    <subfield code="7">0</subfield>
    <subfield code="8">NFIC</subfield>
    <subfield code="a">RUCL</subfield>
    <subfield code="b">RUCL</subfield>
    <subfield code="c">Stack</subfield>
    <subfield code="d">2008-07-15</subfield>
    <subfield code="e">Paragogn Enterprise, Dhaka</subfield>
    <subfield code="g">50.00</subfield>
    <subfield code="l">0</subfield>
    <subfield code="o">B 781.75409 CHB 1991</subfield>
    <subfield code="r">2016-08-10 00:00:00</subfield>
    <subfield code="t">C-3</subfield>
    <subfield code="w">2016-08-10</subfield>
    <subfield code="y">BK</subfield>
  </datafield>
  <datafield tag="952" ind1=" " ind2=" ">
    <subfield code="0">0</subfield>
    <subfield code="1">0</subfield>
    <subfield code="2">ddc</subfield>
    <subfield code="4">0</subfield>
    <subfield code="7">0</subfield>
    <subfield code="8">NFIC</subfield>
    <subfield code="a">RUCL</subfield>
    <subfield code="b">RUCL</subfield>
    <subfield code="c">Stack</subfield>
    <subfield code="d">2008-07-15</subfield>
    <subfield code="e">Dhaka,Paragon Enterprise Lit.,</subfield>
    <subfield code="g">50.00</subfield>
    <subfield code="l">0</subfield>
    <subfield code="o">B 781.75409 CHB 1991</subfield>
    <subfield code="r">2016-11-23 00:00:00</subfield>
    <subfield code="t">C-4</subfield>
    <subfield code="w">2016-11-23</subfield>
    <subfield code="y">BK</subfield>
  </datafield>
  <datafield tag="952" ind1=" " ind2=" ">
    <subfield code="0">0</subfield>
    <subfield code="1">0</subfield>
    <subfield code="2">ddc</subfield>
    <subfield code="4">0</subfield>
    <subfield code="7">1</subfield>
    <subfield code="8">NFIC</subfield>
    <subfield code="a">RUCL</subfield>
    <subfield code="b">RUCL</subfield>
    <subfield code="c">Reading</subfield>
    <subfield code="d">2005-07-28</subfield>
    <subfield code="e">Indian High Commision, Dhaka.</subfield>
    <subfield code="g">50.00</subfield>
    <subfield code="l">0</subfield>
    <subfield code="o">B 781.75409 CHB 1991</subfield>
    <subfield code="r">2017-05-07 00:00:00</subfield>
    <subfield code="t">C-1</subfield>
    <subfield code="w">2017-05-07</subfield>
    <subfield code="y">BK</subfield>
  </datafield>
  <datafield tag="952" ind1=" " ind2=" ">
    <subfield code="0">0</subfield>
    <subfield code="1">0</subfield>
    <subfield code="2">ddc</subfield>
    <subfield code="4">0</subfield>
    <subfield code="7">0</subfield>
    <subfield code="8">NFIC</subfield>
    <subfield code="a">RUCL</subfield>
    <subfield code="b">RUCL</subfield>
    <subfield code="c">GEN</subfield>
    <subfield code="d">2008-07-15</subfield>
    <subfield code="e">Paragon Enter prise</subfield>
    <subfield code="g">50.00</subfield>
    <subfield code="l">0</subfield>
    <subfield code="o">B 781.75409 CHB 1991</subfield>
    <subfield code="r">2025-04-10 00:00:00</subfield>
    <subfield code="t">C-5</subfield>
    <subfield code="w">2025-04-10</subfield>
    <subfield code="y">BK</subfield>
  </datafield>
</record>
